000 00547nam a22001817a 4500
005 20251108164211.0
008 250721s9999 xx 000 0 ara d
082 1 4 _a301,428/صاد
100 1 _aصادق، عادل
245 1 0 _aأنت و العذاب يا زوجي العزيز /
264 1 _aالقاهرة :
_bدار أخبار اليوم،
_c[19-].
300 _a128ص
490 0 _aكتاب اليوم الطبي ؛ 149
650 1 7 _aالمشاكل الإجتماعية
650 1 7 _aالزواج
942 _2ddc
_cBK
999 _c6196
_d6196